Optics in metrology / (Record no. 8717)
[ view plain ]
| 000 -LEADER | |
|---|---|
| fixed length control field | 00838cam a2200265u 4500 |
| 001 - CONTROL NUMBER | |
| control field | 8717 |
| 003 - CONTROL NUMBER IDENTIFIER | |
| rucl marc code | BD-RjUL |
| 005 - DATE AND TIME OF LATEST TRANSACTION | |
| control field | 20211208234634.0 |
| 008 - FIXED-LENGTH DATA ELEMENTS--GENERAL INFORMATION | |
| fixed length control field | 140119s1960 enka 001 0 eng |
| 035 ## - SYSTEM CONTROL NUMBER | |
| System control number | (BD-RjUL)8762 |
| 040 ## - CATALOGING SOURCE | |
| Original cataloging agency | DLC |
| Transcribing agency | CarP |
| Modifying agency | DLC |
| -- | BD-RjUL |
| Language of cataloging | eng |
| 041 ## - LANGUAGE CODE | |
| Language code of text/sound track or separate title | eng |
| 082 ## - DEWEY DECIMAL CLASSIFICATION NUMBER | |
| Edition number | 19 |
| Classification number | 535.33 |
| Author mark and year | INO 1960 |
| 110 2# - MAIN ENTRY--CORPORATE NAME | |
| Corporate name or jurisdiction name as entry element | International Commission for Optics. [from old catalog] |
| 9 (RLIN) | 27127 |
| 245 10 - TITLE STATEMENT | |
| Title | Optics in metrology / |
| Statement of responsibility, etc. | eddited by Pol Mollet |
| 260 ## - PUBLICATION, DISTRIBUTION, ETC. (IMPRINT) | |
| Place of publication, distribution, etc. | Oxford ; |
| -- | New York : |
| Name of publisher, distributor, etc. | Pergamon Press, |
| Date of publication, distribution, etc. | c1960. |
| 300 ## - PHYSICAL DESCRIPTION | |
| Pagination | xix, 436 p. : |
| Illustrations | illus., diagrs., tables. ; |
| Size | 23 cm. |
| 504 ## - BIBLIOGRAPHY, ETC. NOTE | |
| Bibliography, etc | Includes index. |
| 650 #0 - SUBJECT ADDED ENTRY--TOPICAL TERM | |
| Topical term or geographic name as entry element | Optical measurements. |
| 9 (RLIN) | 27128 |
| Topical term or geographic name as entry element | Optical instruments. |
| 9 (RLIN) | 27129 |
| 700 1# - ADDED ENTRY--PERSONAL NAME | |
| Personal name | Mollet, Pol, [from old catalog] |
| Relator term | ed. |
| 942 ## - ADDED ENTRY ELEMENTS (KOHA) | |
| Source of classification or shelving scheme | Dewey Decimal Classification |
| Koha item type | Books |
| Lost status | Source of classification or shelving scheme | Damaged status | Not for loan | Collection code | Permanent Location | Current Location | Shelving location | Date acquired | Source of acquisition | Cost, normal purchase price | Total Checkouts | Full call number | Date last seen | Copy number | Koha item type |
|---|---|---|---|---|---|---|---|---|---|---|---|---|---|---|---|
| Dewey Decimal Classification | Non-fiction | Central Library, University of Rajshahi | Central Library, University of Rajshahi | 17/04/1968 | Zeitlinger | 139.00 | 535.33 INO 1960 | 19/01/2014 | C-2 | Books | |||||
| Dewey Decimal Classification | Not For Loan | Non-fiction | Central Library, University of Rajshahi | Central Library, University of Rajshahi | Reading Room | 10/04/1968 | Zeitlinger | 139.00 | 535.33 INO 1960 | 29/03/2017 | C-1 | Books |